000 00984nam a22003017a 4500
001 BR7500149
003 BR-BrBNA
005 20230928084711.0
007 ta
008 230509b bl.||||| |||| 00| 0 por d
040 _aBR-BrBNA
_bpor
_cBiblioteca Nacional de Agricultura
041 _a(Por)
072 _aE15; F00; L00
_b0150
_b0430
_b5213
_b0311
_b/G514
090 _ 0150 BR7500149
110 1 _aSuperintendencia do Vale do Sao Francisco, Aracaju, SE (Brasil);
_910218
110 1 _aAssociacao Nordestina de Credito e Assistencia Rural de Sergipe, Aracaju (Brasil)
245 1 _aRelatorio de atividades SIERVALE. Sistema Integrado de Extensao Rural do Vale do Sao Francisco 1971-1974 [Sergipe; Brasil]
260 3 _aAracaju, SE (Brasil):
_c1974.
300 _a50 p.
650 _aCOCO
650 _aARROZ
650 _aALGODAO
650 _aGADO DE CORTE
650 _aSERGIPE
650 _aCUSTO DE PRODUCAO
909 _a202309
_bLucia
_c55
_dLucia Elande
942 _cBK
999 _c20572
_d20572